[Event "Vellmar Chess Days"]
[Site "chess24.com"]
[Date "2015.08.06"]
[Round "1.25"]
[White "Koellner, Christoph"]
[Black "Reitz, Philipp"]
[Result "1-0"]
[WhiteElo "2021"]
[BlackElo "1773"]
[PlyCount "57"]
[EventDate "2015.??.??"]
[WhiteTeam "Germany"]
[BlackTeam "Germany"]
[WhiteTeamCountry "GER"]
[BlackTeamCountry "GER"]
[WhiteClock "0:29:42"]
[BlackClock "0:10:40"]

1. d4 d5 2. Nf3 Nf6 3. e3 Bf5 4. Bd3 Bxd3 5. cxd3 e6 6. Nc3 c5 7. O-O Nbd7 8.
Qe2 Be7 9. e4 cxd4 10. Nxd4 dxe4 11. dxe4 Qa5 12. Bd2 Qh5 13. f3 O-O 14. Be3
Rac8 15. Rac1 a6 16. g4 Qa5 17. Nb3 Qb4 18. Rfd1 Nc5 19. Nd4 Na4 20. a3 Nxc3
21. Rxc3 Qa4 22. Rdc1 Qd7 23. Qc2 Rxc3 24. Qxc3 e5 25. Nf5 Ne8 26. Nxe7+ Qxe7
27. Bc5 Nd6 28. Rd1 Rd8 29. Bxd6 1-0

[Event "Vellmar Chess Days"]
[Site "chess24.com"]
[Date "2015.08.06"]
[Round "1.26"]
[White "Koellner, Ruben Gideon"]
[Black "Verhoef, Pieter"]
[Result "1/2-1/2"]
[WhiteElo "1790"]
[BlackElo "2015"]
[PlyCount "81"]
[EventDate "2015.??.??"]
[WhiteTeam "Germany"]
[BlackTeam "Netherlands"]
[WhiteTeamCountry "GER"]
[BlackTeamCountry "NED"]
[WhiteClock "0:07:04"]
[BlackClock "0:28:40"]

1. d4 Nf6 2. Nf3 e6 3. e3 c5 4. Bd3 d5 5. c3 Be7 6. Nbd2 b6 7. O-O Bb7 8. Ne5
O-O 9. f4 Ne4 10. Qf3 f5 11. Qe2 Nxd2 12. Bxd2 Nd7 13. Rf3 Nf6 14. Be1 Ne4 15.
Rh3 Bd6 16. Qh5 Nf6 17. Qg5 Ne4 18. Qh5 Nf6 19. Qg5 Qc7 20. Qh4 g6 21. Bf2 Bxe5
22. fxe5 Ne4 23. Rf3 Qd8 24. Qxd8 Raxd8 25. Bg3 c4 26. Bxe4 dxe4 27. Rf2 Bd5
28. Bf4 Rb8 29. h3 b5 30. Bg5 a5 31. Be7 Rf7 32. Bd6 Rbb7 33. a3 g5 34. Raf1 f4
35. g3 f3 36. Ra1 h5 37. Bc5 g4 38. h4 Rb8 39. Rff1 Rfb7 40. Bd6 Ra8 41. Kf2
1/2-1/2

[Event "Vellmar Chess Days"]
[Site "chess24.com"]
[Date "2015.08.06"]
[Round "1.27"]
[White "Schmidt, Kai-Uwe"]
[Black "Wastian, Jan"]
[Result "1-0"]
[WhiteElo "2007"]
[BlackElo "1760"]
[PlyCount "101"]
[EventDate "2015.??.??"]
[WhiteTeam "Germany"]
[BlackTeam "Germany"]
[WhiteTeamCountry "GER"]
[BlackTeamCountry "GER"]
[WhiteClock "0:11:54"]
[BlackClock "0:19:50"]

1. Nf3 d5 2. d4 Nf6 3. c4 c6 4. e3 e6 5. b3 Nbd7 6. Bb2 Bd6 7. Bd3 O-O 8. O-O
Qe7 9. Ne5 c5 10. Qc2 h6 11. Nd2 b6 12. Rfd1 Bb7 13. cxd5 Nxd5 14. Bh7+ Kh8 15.
Nxd7 Qxd7 16. Nc4 Nb4 17. Qc3 Nd5 18. Qc2 Nb4 19. Qb1 Bc7 20. Be4 Bxe4 21. Qxe4
Rad8 22. Rd2 Qd5 23. Qh4 Qg5 24. Qxg5 hxg5 25. Bc3 Nd5 26. Bb2 Nb4 27. dxc5
bxc5 28. Kf1 f6 29. h3 Nd3 30. Bc3 Nb4 31. Ke2 Nd5 32. Bb2 Kg8 33. Rc1 Kf7 34.
Ba3 Bb6 35. Nb2 Nb4 36. Bxb4 cxb4 37. Rc4 a5 38. Rc6 Rxd2+ 39. Kxd2 Rb8 40. Na4
Bd8 41. Nc5 e5 42. Kd3 Be7 43. Rc7 Rd8+ 44. Ke2 Rd5 45. Na4 Kf8 46. Nb6 Rb5 47.
Nc8 Bd8 48. Rd7 Bb6 49. Rb7 Bd8 50. Rd7 Rc5 51. Ke1 1-0

[Event "Vellmar Chess Days"]
[Site "chess24.com"]
[Date "2015.08.06"]
[Round "1.29"]
[White "Krausse, Eckhard"]
[Black "Kalkuhl, Thorsten"]
[Result "1-0"]
[WhiteElo "1999"]
[BlackElo "1731"]
[PlyCount "43"]
[EventDate "2015.??.??"]
[WhiteTeam "Germany"]
[BlackTeam "Germany"]
[WhiteTeamCountry "GER"]
[BlackTeamCountry "GER"]
[WhiteClock "1:30:30"]
[BlackClock "1:30:30"]

1. e4 c6 2. d4 d5 3. f3 g6 4. Bd3 Bg7 5. Ne2 Nh6 6. c3 Qb6 7. O-O O-O 8. a4 a5
9. Kh1 f5 10. exd5 cxd5 11. Na3 Nf7 12. c4 dxc4 13. Bxc4 e6 14. Be3 Rd8 15. Qc1
Qc6 16. Bg5 Nxg5 17. Qxg5 Qe8 18. Nb5 Na6 19. Rfe1 Kh8 20. Nf4 Bxd4 21. Nxd4
Rxd4 22. Qf6+ 1-0

[Event "Vellmar Chess Days"]
[Site "chess24.com"]
[Date "2015.08.06"]
[Round "1.30"]
[White "Koenig, Friedrich Theodor"]
[Black "Grosse-Hering, Peter"]
[Result "1/2-1/2"]
[WhiteElo "1730"]
[BlackElo "1995"]
[PlyCount "68"]
[EventDate "2015.??.??"]
[WhiteTeam "Germany"]
[BlackTeam "Germany"]
[WhiteTeamCountry "GER"]
[BlackTeamCountry "GER"]
[WhiteClock "0:03:05"]
[BlackClock "0:05:03"]

1. e4 d6 2. d4 Nf6 3. Nc3 g6 4. f3 Bg7 5. Be3 c6 6. Qd2 h6 7. Bc4 Nbd7 8. O-O-O
b5 9. Bb3 Qa5 10. a3 Nb6 11. e5 Nfd7 12. exd6 e6 13. Qe2 Ba6 14. Na2 Nc4 15.
Bf2 Rb8 16. c3 Ndb6 17. Nb4 Bb7 18. Nd3 O-O 19. h4 Nxa3 20. bxa3 Qxc3+ 21. Qc2
Qa1+ 22. Kd2 Qxa3 23. Ne2 Qxd6 24. Bg3 e5 25. Bxe5 Bxe5 26. Nxe5 Kg7 27. Ke1 a5
28. Nf4 a4 29. Ne6+ Kf6 30. Nxf8 axb3 31. Nh7+ Kg7 32. Qxb3 Nd5 33. Ng5 hxg5
34. hxg5 Kg8 1/2-1/2

[Event "Vellmar Chess Days"]
[Site "chess24.com"]
[Date "2015.08.06"]
[Round "1.31"]
[White "Knoth, Eugen"]
[Black "van Leyen, Peter"]
[Result "1-0"]
[WhiteElo "1993"]
[BlackElo "1730"]
[PlyCount "36"]
[EventDate "2015.??.??"]
[WhiteTeam "Germany"]
[BlackTeam "Germany"]
[WhiteTeamCountry "GER"]
[BlackTeamCountry "GER"]
[WhiteClock "1:11:38"]
[BlackClock "1:08:08"]

1. d4 e6 2. Nf3 c5 3. c3 d5 4. Bf4 Nf6 5. e3 Be7 6. Bd3 b6 7. Nbd2 O-O 8. Ne5
Bd7 9. Qf3 c4 10. Bc2 Na6 11. O-O Rc8 12. Qh3 b5 13. Ng4 g6 14. Nh6+ Kg7 15.
Be5 Nc7 16. Nf3 Nce8 17. Ng5 Bd6 18. Nhxf7 Ra8 1-0

[Event "Vellmar Chess Days"]
[Site "chess24.com"]
[Date "2015.08.06"]
[Round "1.32"]
[White "Kuschel, Heidi"]
[Black "Werner, Martin"]
[Result "1/2-1/2"]
[WhiteElo "1713"]
[BlackElo "1993"]
[PlyCount "75"]
[EventDate "2015.??.??"]
[WhiteTeam "Germany"]
[BlackTeam "Germany"]
[WhiteTeamCountry "GER"]
[BlackTeamCountry "GER"]
[WhiteClock "0:04:09"]
[BlackClock "0:03:00"]

1. Nf3 d5 2. g3 c5 3. Bg2 Nc6 4. d4 Nf6 5. O-O Bf5 6. c4 e6 7. Qa4 Qd7 8. Rd1
Be7 9. dxc5 Ne4 10. cxd5 exd5 11. Be3 O-O 12. b4 Bf6 13. Nfd2 Nxf2 14. Bxf2
Bxa1 15. b5 Ne7 16. e4 Bg4 17. Nf3 Qe6 18. exd5 Nxd5 19. Re1 Qd7 20. c6 bxc6
21. bxc6 Qc8 22. Ne5 Bxe5 23. Rxe5 Nb6 24. Qb4 Rd8 25. Nc3 Qc7 26. Re7 Qd6 27.
Qxd6 Rxd6 28. c7 Rc8 29. Bb7 Kf8 30. Bxc8 Bxc8 31. Re1 Rc6 32. Bxb6 axb6 33.
Nb5 Ba6 34. Rd1 Bc8 35. Re1 Rc5 36. Rd1 Rxb5 37. Rd8+ Ke7 38. Rxc8 1/2-1/2

[Event "Vellmar Chess Days"]
[Site "chess24.com"]
[Date "2015.08.06"]
[Round "1.33"]
[White "Boele, Martijn"]
[Black "Koronowski, Heinz-Juergen"]
[Result "1-0"]
[WhiteElo "1992"]
[BlackElo "1700"]
[PlyCount "131"]
[EventDate "2015.??.??"]
[WhiteTeam "Netherlands"]
[BlackTeam "Germany"]
[WhiteTeamCountry "NED"]
[BlackTeamCountry "GER"]
[WhiteClock "0:23:41"]
[BlackClock "0:20:31"]

1. e4 e5 2. d4 exd4 3. Qxd4 Nc6 4. Qe3 d6 5. Bd2 Be7 6. Nc3 Nf6 7. h4 Be6 8.
O-O-O Qd7 9. f4 Ng4 10. Qg3 f5 11. e5 O-O-O 12. Be2 h5 13. Nf3 d5 14. Ng5 d4
15. Be1 Bxg5 16. hxg5 Qe7 17. Bxg4 hxg4 18. Rxh8 Rxh8 19. Nb5 Qc5 20. Qd3 Rd8
21. g3 g6 22. Na3 Bxa2 23. Qb5 Qxb5 24. Nxb5 Bc4 25. Na3 Be2 26. Rd2 d3 27. Bf2
Nb4 28. c3 Nc6 29. b4 Rh8 30. Kb2 Rh2 31. Be1 b6 32. Nc4 Rh1 33. Bf2 Rh8 34.
Ne3 Ne7 35. c4 Rd8 36. Kc3 c6 37. Nd1 Kc7 38. Nb2 Bf3 39. Rxd3 Rxd3+ 40. Kxd3
Be4+ 41. Kd4 Kd7 42. Nd1 Bc2 43. Nc3 Nc8 44. Ne2 Be4 45. Kc3 Ne7 46. Be3 Kc7
47. Nd4 Kd7 48. Bc1 a6 49. Nb3 Nc8 50. Be3 Bg2 51. Bd4 Ke6 52. Bf2 Be4 53. Nd4+
Ke7 54. Ne2 Bg2 55. Nc1 Ke6 56. Nd3 Be4 57. Nb2 b5 58. Bc5 Ne7 59. Bxe7 Kxe7
60. Kd4 Kd7 61. Nd1 bxc4 62. Kxc4 Bd5+ 63. Kc5 Kc7 64. Ne3 Be6 65. Nc2 Bd7 66.
Nd4 1-0

[Event "Vellmar Chess Days"]
[Site "chess24.com"]
[Date "2015.08.06"]
[Round "1.35"]
[White "Krosenbrink, Marcel"]
[Black "Kirschner, Philipp"]
[Result "1-0"]
[WhiteElo "1982"]
[BlackElo "1646"]
[PlyCount "45"]
[EventDate "2015.??.??"]
[WhiteTeam "Netherlands"]
[BlackTeam "Germany"]
[WhiteTeamCountry "NED"]
[BlackTeamCountry "GER"]
[WhiteClock "0:58:11"]
[BlackClock "0:39:35"]

1. e4 Nf6 2. Nc3 d5 3. exd5 Nxd5 4. Nf3 Bf5 5. Bc4 e6 6. d3 Bb4 7. Bd2 c6 8. h3
O-O 9. a3 Ba5 10. Qe2 Nd7 11. g4 Bg6 12. h4 Nxc3 13. bxc3 e5 14. h5 e4 15. hxg6
exf3 16. gxf7+ Kh8 17. Qxf3 Qf6 18. Qxf6 Nxf6 19. g5 Nd5 20. g6 h6 21. Bxd5
cxd5 22. Rh5 Rac8 23. Rxd5 1-0

[Event "Vellmar Chess Days"]
[Site "chess24.com"]
[Date "2015.08.07"]
[Round "2.1"]
[White "Rogozenco, Teodora"]
[Black "Langheinrich, Ferenc"]
[Result "0-1"]
[WhiteElo "2096"]
[BlackElo "2385"]
[PlyCount "48"]
[EventDate "2015.??.??"]
[WhiteTeam "Germany"]
[BlackTeam "Germany"]
[WhiteTeamCountry "GER"]
[BlackTeamCountry "GER"]
[WhiteClock "0:00:36"]
[BlackClock "0:18:27"]

1. d4 d5 2. c4 Nc6 3. Nf3 Bg4 4. cxd5 Bxf3 5. dxc6 Bxc6 6. Nc3 Nf6 7. f3 e6 8.
e4 Bb4 9. Bc4 Ba5 10. Be3 O-O 11. O-O Bb6 12. Re1 Qe7 13. Qb3 Rad8 14. Rad1 Rd7
15. Kh1 Rfd8 16. d5 Bxe3 17. Rxe3 exd5 18. Bxd5 Bxd5 19. Nxd5 Nxd5 20. exd5 Qc5
21. Rc3 Rxd5 22. Re1 Qf2 23. Rce3 h5 24. R3e2 Qxe2 0-1

[Event "Vellmar Chess Days"]
[Site "chess24.com"]
[Date "2015.08.07"]
[Round "2.2"]
[White "Jans, Micha"]
[Black "Hahn, Markus"]
[Result "0-1"]
[WhiteElo "2095"]
[BlackElo "2303"]
[PlyCount "108"]
[EventDate "2015.??.??"]
[WhiteTeam "Netherlands"]
[BlackTeam "Germany"]
[WhiteTeamCountry "NED"]
[BlackTeamCountry "GER"]
[WhiteClock "0:28:00"]
[BlackClock "0:20:17"]

1. e4 c5 2. Nc3 Nc6 3. g3 g6 4. Bg2 Bg7 5. d3 d6 6. Be3 e5 7. Qd2 Nge7 8. Bh6
O-O 9. h4 Bxh6 10. Qxh6 f6 11. Qd2 Nd4 12. h5 g5 13. h6 Qa5 14. Nge2 Bg4 15.
Nxd4 cxd4 16. Ne2 Qxd2+ 17. Kxd2 Rac8 18. Bh3 Bxh3 19. Rxh3 Kf7 20. g4 Rc5 21.
Ng3 Rfc8 22. Rc1 Nc6 23. Nf5 Ke6 24. a3 a5 25. Rhh1 a4 26. Rb1 Na5 27. Rhc1
R8c6 28. f3 Rb6 29. Rh1 Rbc6 30. Rhc1 Kd7 31. Ng3 Rc8 32. Ne2 Rb5 33. Ng3 Rc7
34. Nh5 Ke7 35. Ng3 Ke6 36. Nf5 Rbc5 37. Ng3 Rc8 38. Nf5 b5 39. Ng3 Rb8 40. b4
axb3 41. cxb3 Rxc1 42. Kxc1 Rc8+ 43. Kd2 Rc3 44. b4 Nb3+ 45. Ke2 Nc1+ 46. Kd2
Nxd3 47. a4 bxa4 48. b5 Nc5 49. b6 Rxf3 50. b7 Nxb7 51. Rxb7 Rxg3 52. Rxh7 Rxg4
53. Rh8 Rh4 54. h7 Kf7 0-1

[Event "Vellmar Chess Days"]
[Site "chess24.com"]
[Date "2015.08.07"]
[Round "2.3"]
[White "Kersten, Uwe"]
[Black "Von Auer, Ulrich"]
[Result "1-0"]
[WhiteElo "2300"]
[BlackElo "2073"]
[PlyCount "59"]
[EventDate "2015.??.??"]
[WhiteTeam "Germany"]
[BlackTeam "Germany"]
[WhiteTeamCountry "GER"]
[BlackTeamCountry "GER"]
[WhiteClock "0:08:28"]
[BlackClock "0:02:38"]

1. e4 e6 2. d4 d5 3. Nd2 Be7 4. Ngf3 Nf6 5. Bd3 c5 6. c3 cxd4 7. cxd4 dxe4 8.
Nxe4 O-O 9. Nc3 b6 10. O-O Bb7 11. Re1 Nc6 12. a3 Rc8 13. Bc2 Na5 14. Ne5 Nc4
15. Bd3 Nd6 16. Qc2 g6 17. Bh6 Re8 18. Qb3 Bf8 19. Bg5 h6 20. Bh4 Nf5 21. Bxf5
gxf5 22. d5 exd5 23. Nb5 Bd6 24. Nxd6 Qxd6 25. Qg3+ Ng4 26. Nxg4 Rxe1+ 27. Rxe1
Qe6 28. Nf6+ Kh8 29. f3 Rc1 30. Qg8# 1-0

[Event "Vellmar Chess Days"]
[Site "chess24.com"]
[Date "2015.08.07"]
[Round "2.4"]
[White "Ziegenfuss, Holger"]
[Black "Dorst, Johannes"]
[Result "0-1"]
[WhiteElo "2032"]
[BlackElo "2207"]
[PlyCount "182"]
[EventDate "2015.??.??"]
[WhiteTeam "Germany"]
[BlackTeam "Germany"]
[WhiteTeamCountry "GER"]
[BlackTeamCountry "GER"]
[WhiteClock "0:03:04"]
[BlackClock "0:07:11"]

1. e4 e6 2. d4 d5 3. Nc3 Bb4 4. exd5 exd5 5. Bd3 Nc6 6. a3 Be7 7. Nce2 Bg4 8.
c3 Nf6 9. f3 Bh5 10. Ng3 Bg6 11. Nf5 O-O 12. Ne2 Re8 13. O-O Qd7 14. Neg3 Bf8
15. Qc2 a5 16. Bg5 Re6 17. Rfe1 Rae8 18. Bd2 Ra8 19. Ne2 Ne7 20. Neg3 Nxf5 21.
Nxf5 Ne8 22. Ng3 Bxd3 23. Qxd3 Rb6 24. b4 Nd6 25. Nf1 Rba6 26. Rab1 axb4 27.
axb4 c6 28. Ne3 g6 29. Ng4 Bg7 30. Bg5 Re8 31. Qd2 h5 32. Rxe8+ Nxe8 33. Nf2
Qf5 34. Re1 Nd6 35. Qf4 Qxf4 36. Bxf4 Nb5 37. Rc1 Ra3 38. Bd2 Ra2 39. Be3 Re2
40. Nd1 Bf6 41. Kf1 Ra2 42. Nf2 Kg7 43. Nd3 Ra3 44. Nc5 b6 45. Nd7 Rxc3 46.
Rxc3 Nxc3 47. Nb8 Kf8 48. Nxc6 Ke8 49. Ne5 Ke7 50. Ke1 Ke6 51. Kd2 Nb5 52. Kd3
Be7 53. Bd2 g5 54. g4 hxg4 55. Nxg4 f6 56. h3 Bd6 57. Ne3 Bf4 58. Be1 Bd6 59.
Bd2 Bg3 60. Nf1 Bc7 61. Ne3 Bb8 62. Be1 Bh2 63. h4 gxh4 64. Bxh4 Bd6 65. Be1
Bf8 66. Bd2 Nd6 67. Be1 b5 68. Nc2 Nc4 69. Bg3 Bh6 70. Bf2 Bd2 71. Na3 Nxa3 72.
Kxd2 Kf5 73. Bg3 Nc4+ 74. Kd3 Kg5 75. Ke2 Nb6 76. Bd6 Kf5 77. Bg3 Nd7 78. Bd6
Kg5 79. Kf2 Kf5 80. Ke3 Nb6 81. Bg3 Nc8 82. Bf2 Ne7 83. Bg3 Kg5 84. Bf2 Nf5+
85. Ke2 Kf4 86. Bg1 Kg3 87. Bf2+ Kg2 88. f4 Ng3+ 89. Ke3 Ne4 90. Be1 Nd6 91.
Bh4 Nf5+ 0-1

[Event "Vellmar Chess Days"]
[Site "chess24.com"]
[Date "2015.08.07"]
[Round "2.5"]
[White "Gassmann, Volker"]
[Black "Koellner, Christoph"]
[Result "0-1"]
[WhiteElo "2207"]
[BlackElo "2021"]
[PlyCount "60"]
[EventDate "2015.??.??"]
[WhiteTeam "Germany"]
[BlackTeam "Germany"]
[WhiteTeamCountry "GER"]
[BlackTeamCountry "GER"]
[WhiteClock "0:33:30"]
[BlackClock "0:07:50"]

1. c4 e5 2. Nc3 Nc6 3. g3 Bc5 4. Bg2 a6 5. e3 d6 6. Nge2 Ba7 7. d4 exd4 8. exd4
Nge7 9. O-O O-O 10. b3 Bg4 11. f3 Bd7 12. Bb2 Nf5 13. Nd5 Nce7 14. Nxe7+ Qxe7
15. Re1 Qe3+ 16. Kf1 Rfe8 17. g4 Nh4 18. Bc1 Qe7 19. Bf4 Qf6 20. Qd2 h6 21. Ng3
g5 22. Nh5 Qxd4 23. Qxd4 Bxd4 24. Rxe8+ Rxe8 25. Rd1 Bh8 26. Bg3 Nxg2 27. Kxg2
Re2+ 28. Bf2 Rxa2 29. c5 Be5 30. h4 Be6 0-1

[Event "Vellmar Chess Days"]
[Site "chess24.com"]
[Date "2015.08.07"]
[Round "2.6"]
[White "Schmidt, Kai-Uwe"]
[Black "Balje, Jan"]
[Result "0-1"]
[WhiteElo "2007"]
[BlackElo "2189"]
[PlyCount "69"]
[EventDate "2015.??.??"]
[WhiteTeam "Germany"]
[BlackTeam "Netherlands"]
[WhiteTeamCountry "GER"]
[BlackTeamCountry "NED"]
[WhiteClock "0:30:55"]
[BlackClock "0:01:26"]

1. d4 Nf6 2. c4 e6 3. Nc3 Bb4 4. e3 O-O 5. Bd3 d5 6. Nge2 dxc4 7. Bxc4 e5 8.
O-O Nc6 9. h3 a6 10. a3 Bd6 11. Qc2 Bd7 12. Ba2 Qc8 13. dxe5 Nxe5 14. Nf4 c6
15. Rd1 Qc7 16. Na4 Rad8 17. Bd2 Bc8 18. Rac1 g5 19. Ne2 Nd3 20. Rb1 Bf5 21.
Bc3 Ne4 22. Nd4 Bh2+ 23. Kf1 Bg6 24. Rxd3 Nxc3 25. Qxc3 Qe5 26. Rbd1 Bxd3+ 27.
Rxd3 Qf6 28. Nc5 Be5 29. Nxb7 Rc8 30. Nc5 Rfd8 31. Bc4 g4 32. hxg4 Qh4 33.
Bxf7+ Kxf7 34. Qc4+ Kg6 35. Nf3 0-1

[Event "Vellmar Chess Days"]
[Site "chess24.com"]
[Date "2015.08.07"]
[Round "2.7"]
[White "Krausse, Eckhard"]
[Black "Rothe, Guido"]
[Result "1/2-1/2"]
[WhiteElo "1999"]
[BlackElo "2179"]
[PlyCount "168"]
[EventDate "2015.??.??"]
[WhiteTeam "Germany"]
[BlackTeam "Germany"]
[WhiteTeamCountry "GER"]
[BlackTeamCountry "GER"]
[WhiteClock "0:13:32"]
[BlackClock "0:06:52"]

1. e4 c5 2. Nf3 Nc6 3. g3 g6 4. Bg2 Bg7 5. O-O e6 6. c3 Nf6 7. Re1 O-O 8. d3 d6
9. h4 b5 10. e5 Nd5 11. exd6 Qxd6 12. c4 Nb6 13. cxb5 Nd4 14. Bf4 Nxf3+ 15.
Bxf3 e5 16. Be3 Nd5 17. Bxd5 Qxd5 18. Nc3 Qd7 19. Ne4 Qxb5 20. Qb3 Qc6 21. Rac1
Be6 22. Qa3 c4 23. f3 Rfb8 24. dxc4 h6 25. b3 f5 26. Qd6 Qe8 27. Nc5 Bf7 28.
Qd7 Qxd7 29. Nxd7 Rd8 30. Rcd1 Be8 31. Nc5 Bc6 32. Kf2 f4 33. gxf4 exf4 34.
Bxf4 Bd4+ 35. Be3 Bf6 36. Kg3 Be5+ 37. f4 Bd6 38. Ne6 Rd7 39. Bc5 Bb8 40. Nd4
Bb7 41. Re8+ Kh7 42. Rde1 Rf7 43. R8e7 Bxf4+ 44. Kh3 Bc8+ 45. Kg2 Kg8 46. Rxf7
Kxf7 47. Rf1 Bb7+ 48. Kg1 g5 49. hxg5 hxg5 50. Ne2 Rg8 51. Bxa7 Ke6 52. Bd4 Kf5
53. Ng3+ Kg4 54. Ne2 Rd8 55. Kf2 Rd7 56. b4 Be4 57. Be3 Bh2 58. Nd4 Rf7+ 59.
Ke1 Bg3+ 60. Bf2 Bd3 61. Ne2 Re7 62. Kd2 Rxe2+ 63. Kxd3 Rxf2 64. Rb1 Rxa2 65.
b5 Kf3 66. b6 Ra3+ 67. Kd4 Bf2+ 68. Kd5 Ra5+ 69. Kd6 Ra6 70. Rb3+ Ke4 71. Kc7
Bxb6+ 72. Rxb6 Rxb6 73. Kxb6 g4 74. c5 g3 75. c6 g2 76. c7 g1=Q+ 77. Kb7 Qb1+
78. Ka8 Qa2+ 79. Kb7 Qb3+ 80. Ka8 Qa4+ 81. Kb7 Qb5+ 82. Ka8 Qa6+ 83. Kb8 Qb6+
84. Ka8 Qxc7 1/2-1/2

[Event "Vellmar Chess Days"]
[Site "chess24.com"]
[Date "2015.08.07"]
[Round "2.8"]
[White "Schroeder, Kevin"]
[Black "Knoth, Eugen"]
[Result "1-0"]
[WhiteElo "2175"]
[BlackElo "1993"]
[PlyCount "65"]
[EventDate "2015.??.??"]
[WhiteTeam "Germany"]
[BlackTeam "Germany"]
[WhiteTeamCountry "GER"]
[BlackTeamCountry "GER"]
[WhiteClock "0:42:53"]
[BlackClock "0:18:27"]

1. Nf3 Nf6 2. c4 c6 3. g3 g6 4. b3 Bg7 5. Bb2 O-O 6. Bg2 d5 7. O-O Nbd7 8. Qc2
Re8 9. Nc3 e5 10. cxd5 Nxd5 11. d3 Nxc3 12. Bxc3 Qe7 13. Nd2 Nb6 14. Nc4 Nxc4
15. bxc4 Bf5 16. Qb2 Rad8 17. Rab1 Bc8 18. Bb4 Qc7 19. Qa3 b6 20. c5 Bf8 21.
cxb6 axb6 22. Bxf8 Rxf8 23. Qb4 b5 24. Rfc1 Bd7 25. Qxb5 Rb8 26. Qc5 Rxb1 27.
Rxb1 Rb8 28. Rb3 Rxb3 29. axb3 Qb7 30. b4 Qa6 31. Qa5 Bc8 32. Qxa6 Bxa6 33.
Bxc6 1-0

[Event "Vellmar Chess Days"]
[Site "chess24.com"]
[Date "2015.08.07"]
[Round "2.9"]
[White "Boele, Martijn"]
[Black "Heinelt, Manfred"]
[Result "0-1"]
[WhiteElo "1992"]
[BlackElo "2171"]
[PlyCount "114"]
[EventDate "2015.??.??"]
[WhiteTeam "Netherlands"]
[BlackTeam "Germany"]
[WhiteTeamCountry "NED"]
[BlackTeamCountry "GER"]
[WhiteClock "0:28:59"]
[BlackClock "0:17:58"]

1. e4 c5 2. Nf3 d6 3. d4 cxd4 4. Nxd4 Nf6 5. Nc3 e6 6. Be2 Be7 7. O-O O-O 8. f4
Nbd7 9. Be3 a6 10. Bf3 Qc7 11. Qe1 Re8 12. Qg3 Bf8 13. Rad1 g6 14. e5 dxe5 15.
fxe5 Qxe5 16. Qf2 Bg7 17. Nb3 Qc7 18. Bg5 Rb8 19. a4 b5 20. axb5 axb5 21. Be2
Rf8 22. Bxb5 Ne4 23. Nxe4 Rxb5 24. Bf4 e5 25. Be3 Rb8 26. Nec5 Nf6 27. h3 Rb4
28. Qd2 Rh4 29. Bg5 Ne4 30. Qe3 Nxg5 31. Qxg5 Rc4 32. Qe3 Rxc2 33. Rf2 Rxf2 34.
Qxf2 Rd8 35. Rc1 Qb6 36. Rf1 f5 37. Kh1 Rd5 38. Qc2 Qb5 39. Rc1 Bh6 40. Rd1 Bb7
41. Nxb7 Rxd1+ 42. Qxd1 Qxb7 43. Qd8+ Bf8 44. Nc5 Qc6 45. Nd7 Qd6 46. Nf6+ Kf7
47. Nd7 e4 48. Qc8 Qd1+ 49. Kh2 Bd6+ 50. g3 Qe2+ 51. Kg1 Qe1+ 52. Kg2 Qxg3+ 53.
Kf1 Qxh3+ 54. Ke1 Bb4+ 55. Kd1 Qd3+ 56. Kc1 Bd2+ 57. Kd1 Bc3+ 0-1

[Event "Vellmar Chess Days"]
[Site "chess24.com"]
[Date "2015.08.07"]
[Round "2.10"]
[White "Clemens, Adrian"]
[Black "Krosenbrink, Marcel"]
[Result "1-0"]
[WhiteElo "2170"]
[BlackElo "1982"]
[PlyCount "61"]
[EventDate "2015.??.??"]
[WhiteTeam "Netherlands"]
[BlackTeam "Netherlands"]
[WhiteTeamCountry "NED"]
[BlackTeamCountry "NED"]
[WhiteClock "0:05:26"]
[BlackClock "0:13:19"]

1. d4 Nf6 2. c4 e6 3. g3 Bb4+ 4. Bd2 Qe7 5. Nf3 Ne4 6. Bg2 f5 7. O-O O-O 8. Bf4
Bd6 9. Bxd6 Nxd6 10. c5 Nf7 11. Nc3 d6 12. cxd6 cxd6 13. e4 Ng5 14. Nxg5 Qxg5
15. f4 Qe7 16. exf5 Rxf5 17. Re1 Qf7 18. d5 e5 19. fxe5 Rxe5 20. Rxe5 dxe5 21.
Qe2 Nd7 22. Nb5 Qe7 23. d6 Qg5 24. Nc7 Rb8 25. Qc4+ Kh8 26. Qf7 h5 27. Ne6 Qh6
28. Qe8+ Kh7 29. Be4+ g6 30. Qf7+ Kh8 31. Bxg6 1-0

[Event "Vellmar Chess Days"]
[Site "chess24.com"]
[Date "2015.08.07"]
[Round "2.11"]
[White "Meise, Jan"]
[Black "Yu, Ting"]
[Result "0-1"]
[WhiteElo "1816"]
[BlackElo "2148"]
[PlyCount "70"]
[EventDate "2015.??.??"]
[WhiteTeam "Germany"]
[BlackTeam "China"]
[WhiteTeamCountry "GER"]
[BlackTeamCountry "CHN"]
[WhiteClock "0:01:20"]
[BlackClock "0:11:03"]

1. d4 Nf6 2. c4 g6 3. Nc3 Bg7 4. e4 d6 5. Be2 O-O 6. Bg5 Nc6 7. Qd2 e5 8. d5
Nd4 9. Bd3 c5 10. Nge2 a6 11. O-O Qe8 12. Rae1 Nh5 13. Nxd4 cxd4 14. Ne2 f5 15.
f4 h6 16. Bh4 g5 17. fxg5 f4 18. Kh1 hxg5 19. Bxg5 Qg6 20. Bh4 Bh6 21. Rf3 Bg4
22. Rg1 Kh8 23. Qb4 Rf7 24. c5 dxc5 25. Qxc5 Rc8 26. Qb4 Bf8 27. Qb3 Rh7 28.
Nxd4 Bc5 29. Bf2 Bxf3 30. gxf3 Ng3+ 31. Bxg3 Bxd4 32. Bf2 Qh5 33. Rg2 Rc1+ 34.
Bg1 Rxg1+ 35. Rxg1 Qxh2# 0-1

[Event "Vellmar Chess Days"]
[Site "chess24.com"]
[Date "2015.08.07"]
[Round "2.12"]
[White "Jeske, Mark"]
[Black "Schirra, Maurice"]
[Result "1/2-1/2"]
[WhiteElo "2124"]
[BlackElo "1828"]
[PlyCount "82"]
[EventDate "2015.??.??"]
[WhiteTeam "Germany"]
[BlackTeam "Germany"]
[WhiteTeamCountry "GER"]
[BlackTeamCountry "GER"]
[WhiteClock "0:18:47"]
[BlackClock "0:02:46"]

1. e4 e5 2. f4 exf4 3. Nf3 d5 4. exd5 Nf6 5. d4 Nxd5 6. Bc4 Nb6 7. Bb3 c5 8.
Qe2+ Qe7 9. dxc5 Qxe2+ 10. Kxe2 Bxc5 11. Bxf4 Nc6 12. Be3 Bxe3 13. Kxe3 O-O 14.
Nc3 Re8+ 15. Kf4 Be6 16. Rad1 Bxb3 17. cxb3 Rad8 18. Rhe1 Kf8 19. Rxe8+ Kxe8
20. Rxd8+ Nxd8 21. Ne5 Ke7 22. Nc4 Nc8 23. b4 Nd6 24. Nxd6 Kxd6 25. Nb5+ Kd5
26. Nxa7 Ne6+ 27. Ke3 Kc4 28. Nc8 Kxb4 29. Nd6 Nc5 30. Kd2 f6 31. Kc2 Ka5 32.
Kc3 Kb6 33. b4 Ne6 34. a4 Kc6 35. Nf5 Kd5 36. a5 g6 37. Ne3+ Ke4 38. Nc4 Kd5
39. Ne3+ Ke4 40. Nd1 Kd5 41. Ne3+ Ke5 1/2-1/2

[Event "Vellmar Chess Days"]
[Site "chess24.com"]
[Date "2015.08.07"]
[Round "2.15"]
[White "Humburg, Philipp"]
[Black "Linke, Michael"]
[Result "1-0"]
[WhiteElo "2186"]
[BlackElo "1840"]
[PlyCount "142"]
[EventDate "2015.??.??"]
[WhiteTeam "Germany"]
[BlackTeam "Germany"]
[WhiteTeamCountry "GER"]
[BlackTeamCountry "GER"]
[WhiteClock "0:42:01"]
[BlackClock "0:49:54"]

1. d4 Nf6 2. Nf3 g6 3. c4 Bg7 4. Nc3 O-O 5. e4 d6 6. Be2 e5 7. dxe5 dxe5 8.
Qxd8 Rxd8 9. Bg5 Na6 10. Nd5 Nxd5 11. Bxd8 Nf4 12. g3 Nxe2 13. Kxe2 Bg4 14. Be7
Re8 15. Ba3 c6 16. h3 Be6 17. b3 f5 18. Rad1 c5 19. Nd2 Nb4 20. Bxb4 cxb4 21.
f3 Bf8 22. exf5 gxf5 23. g4 e4 24. gxf5 Bxf5 25. Nxe4 Bxe4 26. fxe4 Rxe4+ 27.
Kf3 Re7 28. Rd8 Kf7 29. Rhd1 a5 30. R1d7 b6 31. Rxe7+ Bxe7 32. Rb8 Bc5 33. Kf4
Kf6 34. Kg4 Kg6 35. Rg8+ Kf7 36. Rd8 Kg6 37. Rd5 Be3 38. Rd6+ Kg7 39. h4 Bc5
40. Rc6 Be3 41. h5 Bc5 42. h6+ Kf7 43. Kf5 Be3 44. Rc7+ Kg8 45. Rc6 Kf7 46.
Rf6+ Kg8 47. Ke6 Bg5 48. Rf5 Bxh6 49. c5 bxc5 50. Rxc5 Bd2 51. Rxa5 Kg7 52. Rd5
Bc3 53. Rd3 Bb2 54. Rd2 Ba1 55. Rc2 h5 56. Rc4 Kg6 57. Rxb4 Kg5 58. Rc4 h4 59.
a4 h3 60. a5 h2 61. Rc1 Bd4 62. Rh1 Bg1 63. b4 Kf4 64. b5 Kg3 65. b6 Kg2 66.
Rxh2+ Kxh2 67. b7 Ba7 68. Kd7 Kg3 69. Kc8 Kf4 70. b8=Q+ Bxb8 71. Kxb8 Ke4 1-0